Phân tích và giải mạch điện tử công suất /
Spremljeno u:
| Glavni autor: | |
|---|---|
| Daljnji autori: | |
| Format: | Sách giấy |
| Jezik: | Vietnamese |
| Izdano: |
H. :
Khoa học và Kỹ thuật,
2003
|
| Izdanje: | In lần thứ 3 có sửa chữa, bổ sung |
| Oznake: |
Dodaj oznaku
Bez oznaka, Budi prvi tko označuje ovaj zapis!
|
| Thư viện lưu trữ: | Thư viện Trường Đại học Đà Lạt |
|---|
| LEADER | 00815nam a2200301 4500 | ||
|---|---|---|---|
| 001 | DLU040029094 | ||
| 005 | ##20040914 | ||
| 040 | # | # | |a DLU |b vie |
| 041 | # | # | |a vie |
| 044 | # | # | |a vn |
| 082 | # | # | |a 621.381 52 |b PH-H |
| 100 | # | # | |a Phạm Quốc Hải |
| 245 | # | # | |a Phân tích và giải mạch điện tử công suất / |c Phạm Quốc Hải, Dương Văn Nghi |
| 250 | # | # | |a In lần thứ 3 có sửa chữa, bổ sung |
| 260 | # | # | |a H. : |b Khoa học và Kỹ thuật, |c 2003 |
| 300 | # | # | |a 190 tr. ; |c 24 cm |
| 504 | # | # | |a Tài liệu tham khảo :tr.189 |
| 700 | # | # | |a Dương Văn Nghi |
| 923 | # | # | |a 21/2004 |
| 992 | # | # | |a 21.000 |
| 994 | # | # | |a DLU |
| 900 | # | # | |a True |
| 911 | # | # | |a Đào Thị Thu Huyền |
| 925 | # | # | |a G |
| 926 | # | # | |a A |
| 927 | # | # | |a SH |
| 980 | # | # | |a Thư viện Trường Đại học Đà Lạt |